[Event "San Francisco Bernardo Smith Memorial"]
[Site "San Francisco"]
[Date "2005.08.21"]
[Round "6"]
[White "Chiang, Jim"]
[Black "Martin, John"]
[Result "1-0"]
[WhiteElo "1415"]
[BlackElo "1304"]
[PlyCount "49"]
[EventDate "2005.08.20"]
[EventType "swiss"]
[EventRounds "6"]
[EventCountry "USA"]
[SourceTitle "EXT 2007"]
[Source "ChessBase"]
[SourceDate "2006.11.23"]
[SourceVersion "1"]
[SourceVersionDate "2006.11.23"]
[SourceQuality "1"]

1. Nf3 d5 2. g3 Nc6 3. Bg2 Nf6 4. 0-0 g6 5. h3 Bg7 6. d3 0-0 7. Nbd2 e5 8. c3 Re8 9. Qc2 Bf5 10. e4 dxe4 11. Nxe4 Nxe4 12. dxe4 Be6 13. Bg5 Qc8 14. Kh2 h6 15. Be3 b6 16. Rad1 Rd8 17. Rxd8+ Qxd8 18. Rd1 Qe7 19. b3 Rf8 20. Qc1 Kh7 21. Rf1 f5 22. exf5 gxf5 23. Nh4 Nd8 24. Nxf5 Rxf5 25. Qc2 1-0